<?xml version="1.0" encoding="UTF-8"?><?xml-stylesheet type="text/xsl" href="static/style.xsl"?><OAI-PMH xmlns="http://www.openarchives.org/OAI/2.0/" xmlns:xsi="http://www.w3.org/2001/XMLSchema-instance" xsi:schemaLocation="http://www.openarchives.org/OAI/2.0/ http://www.openarchives.org/OAI/2.0/OAI-PMH.xsd"><responseDate>2026-06-30T05:21:42Z</responseDate><request verb="GetRecord" identifier="oai:riubu.ubu.es:10259/6448" metadataPrefix="marc">https://riubu.ubu.es/oai/request</request><GetRecord><record><header><identifier>oai:riubu.ubu.es:10259/6448</identifier><datestamp>2022-06-03T12:14:45Z</datestamp><setSpec>com_10259_2699</setSpec><setSpec>col_10259_2701</setSpec></header><metadata><record xmlns="http://www.loc.gov/MARC21/slim" xmlns:doc="http://www.lyncode.com/xoai" xmlns:xsi="http://www.w3.org/2001/XMLSchema-instance" xmlns:dcterms="http://purl.org/dc/terms/" xsi:schemaLocation="http://www.loc.gov/MARC21/slim http://www.loc.gov/standards/marcxml/schema/MARC21slim.xsd">
<leader>00925njm 22002777a 4500</leader>
<datafield tag="042" ind1=" " ind2=" ">
<subfield code="a">dc</subfield>
</datafield>
<datafield tag="720" ind1=" " ind2=" ">
<subfield code="a">García Sánchez, Lourdes</subfield>
<subfield code="e">author</subfield>
</datafield>
<datafield tag="260" ind1=" " ind2=" ">
<subfield code="c">2018</subfield>
</datafield>
<datafield tag="520" ind1=" " ind2=" ">
<subfield code="a">La campilobacteriosis es la primera causa de gastroenteritis de origen bacteriano.&#xd;
El consumo de aves, está considerado como la mayor ruta de infección. Por ello, esta tesis&#xd;
tiene como objetivo el estudio de Campylobacter spp. a lo largo de la cadena alimentaria&#xd;
de la carne de pollo, desde la granja hasta el consumidor. Los resultados han mostrado&#xd;
altas prevalencias; 42,9 % (otoño) y 30,8 % (primavera) en granjas, 48,2 % en matadero&#xd;
y 39,4 % en supermercados, siendo C. jejuni la especie mayoritaria. Mediante&#xd;
electroforesis en campo pulsado, se mostró una gran variabilidad genética entre los&#xd;
diferentes aislados, siendo dos poblaciones (ST 607 CC y ST 21 CC) capaces de&#xd;
sobrevivir en matadero durante 21 y 17 días respectivamente. La formación de biofilms,&#xd;
presencia de genes de virulencia y resistencia a antimicrobianos pueden estar implicados&#xd;
en dicha persistencia. Se ha mostrado la existencia de un nexo epidemiológico entre estas&#xd;
cepas y las aisladas en pacientes. Por último, C. coli fue considerada como multiresistente&#xd;
frente a los antibióticos testados.</subfield>
</datafield>
<datafield tag="520" ind1=" " ind2=" ">
<subfield code="a">Campylobacteriosis is the first cause of gastroenteritis of bacterial origin. The&#xd;
consumption of poultry is considered as the greatest route of infection. Therefore, the&#xd;
aims of this thesis was to study Campylobacter spp. along the chicken food chain, from&#xd;
the ´farm to fork`. The results have shown high prevalence; 42.9% (autumn) and 30.8%&#xd;
(spring) in farms, 48.2% in slaughterhouse and 39.4% in supermarkets, C. jejuni was the&#xd;
majority specie isolated. By pulsed field electrophoresis, a high genetic variability was&#xd;
shown among the different isolates, being two populations (ST 607 CC and ST 21 CC)&#xd;
able to survive in slaughterhouse for 21 and 17 days respectively. The formation of&#xd;
biofilms, presence of virulence genes and resistance to antimicrobials may be involved in&#xd;
such persistence. The existence of an epidemiological link between these strains and those&#xd;
isolated in patients has been shown. Finally, C. coli was considered as multi-resistant&#xd;
against the antibiotics tested.</subfield>
</datafield>
<datafield tag="024" ind2=" " ind1="8">
<subfield code="a">http://hdl.handle.net/10259/6448</subfield>
</datafield>
<datafield tag="024" ind2=" " ind1="8">
<subfield code="a">10.36443/10259/6448</subfield>
</datafield>
<datafield ind1=" " ind2=" " tag="653">
<subfield code="a">Campylobacter</subfield>
</datafield>
<datafield ind1=" " ind2=" " tag="653">
<subfield code="a">PFGE</subfield>
</datafield>
<datafield ind1=" " ind2=" " tag="653">
<subfield code="a">wgMLST</subfield>
</datafield>
<datafield ind1=" " ind2=" " tag="653">
<subfield code="a">Biofilms</subfield>
</datafield>
<datafield ind1=" " ind2=" " tag="653">
<subfield code="a">Antimicrobianos</subfield>
</datafield>
<datafield ind1=" " ind2=" " tag="653">
<subfield code="a">Antimicrobials</subfield>
</datafield>
<datafield tag="245" ind1="0" ind2="0">
<subfield code="a">Study on the presence of Campylobacter spp. along the poultry food chain</subfield>
</datafield>
</record></metadata></record></GetRecord></OAI-PMH>